सिंधुदुर्ग दर्शन (Record no. 473524)

MARC details
000 -LEADER
fixed length control field 00441nam a2200157Ia 4500
008 - FIXED-LENGTH DATA ELEMENTS--GENERAL INFORMATION
fixed length control field 100204s9999 xx 000 0 und d
082 ## - DEWEY DECIMAL CLASSIFICATION NUMBER
Item number 28360
100 ## - MAIN ENTRY--PERSONAL NAME
Personal name कदम माधव
245 ## - TITLE STATEMENT
Title सिंधुदुर्ग दर्शन
250 ## - EDITION STATEMENT
Edition statement 0
260 ## - PUBLICATION, DISTRIBUTION, ETC. (IMPRINT)
Date of publication, distribution, etc 2006
300 ## - PHYSICAL DESCRIPTION
Extent 111
630 ## - SUBJECT ADDED ENTRY--UNIFORM TITLE
Uniform title सिंधुदुर्ग दर्शन
730 ## - ADDED ENTRY--UNIFORM TITLE
Uniform title सिंधुदुर्ग दर्शन
942 ## - ADDED ENTRY ELEMENTS (KOHA)
Koha item type Book
Holdings
Withdrawn status Lost status Damaged status Not for loan Home library Current library Date acquired Cost, normal purchase price Total Checkouts Full call number Barcode Date last seen Cost, replacement price Price effective from Koha item type
        N. C. Kelkar Sarvajanik Library, Mulund N. C. Kelkar Sarvajanik Library, Mulund 06/25/2008 110.00   28360 NCKMULUND-28360 02/04/2010 110.00 02/04/2010 Book